Möglichkeiten und Grenzen der Schadstoffminderung im Strassenverkehr durch fahrzeugtechnische Massnahmen.

Podiel dopravy na celkovom znečisťovaní ovzdušia. Prognózy znižovania emisií na r. 1998-2005. Súčasné predstavy o vývoji emisií na r. 1985-1989. Scénare emisií u osobných automobilov a nárast nákladnej prepravy. Výpočty dopravných výkonov na diaľniciach. Vzťahy emisií automobilov a účinnosti technic...

Ausführliche Beschreibung

Gespeichert in:
Bibliographische Detailangaben
1. Verfasser: Gorissen, N.
Format: Buchkapitel
Sprache:Deutsch
Schlagworte:
Tags: Tag hinzufügen
Keine Tags, Fügen Sie das erste Tag hinzu!

MARC

LEADER 00000naa a2200000 4500
001 r008648
005 20221130103252.2
041 0 |a ger 
044 |a DE 
245 1 0 |a Möglichkeiten und Grenzen der Schadstoffminderung im Strassenverkehr durch fahrzeugtechnische Massnahmen.  |c N. Gorissen 
520 |a Podiel dopravy na celkovom znečisťovaní ovzdušia. Prognózy znižovania emisií na r. 1998-2005. Súčasné predstavy o vývoji emisií na r. 1985-1989. Scénare emisií u osobných automobilov a nárast nákladnej prepravy. Výpočty dopravných výkonov na diaľniciach. Vzťahy emisií automobilov a účinnosti technických opatrení na znižovanie škodlivín. 
610 2 0 |a doprava 
610 2 0 |a znečistenie ovzdušia 
610 2 0 |a doprava osobná 
610 2 0 |a doprava nákladná 
610 2 0 |a údaje štatistické 
610 2 0 |a mestá 
100 1 |a Gorissen, N.